Southville International School and Colleges
Your cart is empty.
  • Cart
  • Lists
    Public lists Eva Luna New books Lux_list list_1
    Your lists Log in to create your own lists
  • Log in to your account
  • Your cookies
  • Search history
Southville International School and Colleges
  • Advanced search
  • Recent comments
  • Most popular
  • Libraries

Log in to your account

Log in with GOOGLE


If you do not have an external account, but do have a local account, you can still log in:

  1. Home
  2. MARC view: "R" for revenge /
Normal view MARC view ISBD view

"R" for revenge / (Record no. 11126)

[ view plain ]
MARC details
000 -LEADER
fixed length control field 01621cam a22003975a 4500
001 - CONTROL NUMBER
control field 16964248
003 - CONTROL NUMBER IDENTIFIER
control field OSt
005 - DATE AND TIME OF LATEST TRANSACTION
control field 20140310182240.0
008 - FIXED-LENGTH DATA ELEMENTS--GENERAL INFORMATION
fixed length control field 110915s1997 nyu j 000 1 eng d
010 ## - LIBRARY OF CONGRESS CONTROL NUMBER
LC control number 2011487708
020 ## - INTERNATIONAL STANDARD BOOK NUMBER
International Standard Book Number 0553570722 (pbk.)
035 ## - SYSTEM CONTROL NUMBER
System control number (OCoLC)ocm37639368
040 ## - CATALOGING SOURCE
Original cataloging agency IHI
Transcribing agency IHI
Modifying agency SLC
-- OCL
-- BAKER
-- BTCTA
-- BRENT
-- DLC
042 ## - AUTHENTICATION CODE
Authentication code lccopycat
050 ## - LIBRARY OF CONGRESS CALL NUMBER
Classification number PZ 7
Item number .W716r 1997
082 ## - DEWEY DECIMAL CLASSIFICATION NUMBER
Classification number FIC
Item number W67sv 1997
100 1# - MAIN ENTRY--PERSONAL NAME
Personal name William, Kate.
9 (RLIN) 18781
245 10 - TITLE STATEMENT
Title "R" for revenge /
Statement of responsibility, etc written by Kate William ; created by Francine Pascal.
260 ## - PUBLICATION, DISTRIBUTION, ETC. (IMPRINT)
Place of publication, distribution, etc New York :
Name of publisher, distributor, etc Bantam,
Date of publication, distribution, etc 1997.
300 ## - PHYSICAL DESCRIPTION
Extent 231 p. ;
Dimensions 18 cm.
490 1# - SERIES STATEMENT
Series statement Sweet Valley High. Super thriller
520 ## - SUMMARY, ETC.
Summary, etc Cheerleading co-captains Jessica Wakefield and Heather Mallone thought they'd found the perfect faculty advisor for their squad in Nancy Swanson. They were sure the mousy assistant librarian wouldn't cramp their style at all. But neither of them knows about the dark secret in Nancy's past, or how dangerous she really is.
650 #0 - SUBJECT ADDED ENTRY--TOPICAL TERM
Topical term or geographic name as entry element Twins
General subdivision Fiction.
9 (RLIN) 19029
650 #0 - SUBJECT ADDED ENTRY--TOPICAL TERM
Topical term or geographic name as entry element Revenge
General subdivision Fiction.
9 (RLIN) 19030
650 #0 - SUBJECT ADDED ENTRY--TOPICAL TERM
Topical term or geographic name as entry element Detective and mystery stories.
9 (RLIN) 4339
650 #1 - SUBJECT ADDED ENTRY--TOPICAL TERM
Topical term or geographic name as entry element Cheerleading
Form subdivision Fiction.
9 (RLIN) 19031
650 #1 - SUBJECT ADDED ENTRY--TOPICAL TERM
Topical term or geographic name as entry element Librarians
Form subdivision Fiction.
9 (RLIN) 19032
650 #1 - SUBJECT ADDED ENTRY--TOPICAL TERM
Topical term or geographic name as entry element Mystery and detective stories.
9 (RLIN) 3790
700 1# - ADDED ENTRY--PERSONAL NAME
Personal name Pascal, Francine.
9 (RLIN) 3767
710 2# - ADDED ENTRY--CORPORATE NAME
Corporate name or jurisdiction name as entry element Copyright Paperback Collection (Library of Congress)
Institution to which field applies DLC
9 (RLIN) 705
830 #0 - SERIES ADDED ENTRY--UNIFORM TITLE
Uniform title Sweet Valley High.
Name of part/section of a work Super thriller.
9 (RLIN) 19033
906 ## - LOCAL DATA ELEMENT F, LDF (RLIN)
a 0
b ibc
c copycat
d 2
e ncip
f 20
g y-genrareb
942 ## - ADDED ENTRY ELEMENTS (KOHA)
Source of classification or shelving scheme Library of Congress Classification
Koha item type
Holdings
Withdrawn status Lost status Source of classification or shelving scheme Damaged status Home library Current library Shelving location Date acquired Total Checkouts Full call number Barcode Date last seen Copy number Price effective from Koha item type
    Library of Congress Classification   Luxembourg Library Luxembourg Library Fiction Section 09/13/2013   PZ 7 .W716r 1997 8476 02/16/2015 1 09/13/2013 Books

"R" for revenge /

APA

William K., Pascal F. & Copyright Paperback Collection (Library of Congress). (1997). "R" for revenge. New York: Bantam.

Chicago

William Kate, Pascal Francine and Copyright Paperback Collection (Library of Congress). 1997. "R" for revenge. New York: Bantam.

Harvard

William K., Pascal F. and Copyright Paperback Collection (Library of Congress). (1997). "R" for revenge. New York: Bantam.

MLA

William Kate, Pascal Francine and Copyright Paperback Collection (Library of Congress). "R" for revenge. New York: Bantam. 1997.

  • Place hold
  • Print
  • Cite
  • Add to your cart (remove)
  • Save record
    BIBTEX Dublin Core MARCXML MARC (non-Unicode/MARC-8) MARC (Unicode/UTF-8) MARC (Unicode/UTF-8, Standard) MODS (XML) RIS
  • More searches
    Search for this title in:
    Other Libraries (WorldCat) Other Databases (Google Scholar) Online Stores (Bookfinder.com) Open Library (openlibrary.org)

Exporting to Dublin Core...

SOUTHVILLE LIBRARY

Southville International School and Colleges Library

1281 Tropical Ave. Cor. Luxembourg St., BF Homes International, Las Pinas City

Tel. No. 8256374 / 252358 Loc. 117/146

Powered by Koha